| 000 | 00827cab a2200241 4500 | ||
|---|---|---|---|
| 001 | WB3144-12 | ||
| 008 | 090401t1995 xxu||||| |||| 00| 0 eng d | ||
| 035 | _a(Sirsi) u35157 | ||
| 041 | _aeng | ||
| 245 | _aDrive for business on farms | ||
| 260 | _c1995 | ||
| 350 | _a0 | ||
| 490 |
_aTimes _v21 November 1995, 31(1) |
||
| 520 | _aA database of commercial property available in rural areas is being planned to encourage investment from companies and stem the tide of businesses leaving the area. | ||
| 650 | _aBRAESHALL RURAL DEVELOPMENT CONSULTANCY | ||
| 650 | _aCOMMERCIAL PROPERTY DATABASE | ||
| 650 | _aHEREFORD & WORCESTER BUSINESS LINK | ||
| 650 | _aPROPERTY DATABASES | ||
| 650 | _aRURAL PROPERTY | ||
| 690 | _aPROPERTY-COMMERCIAL PROPERTY-COMMERCIAL PROPERTY MARKET | ||
| 942 | _n0 | ||
| 948 | _c04/03/1997 | ||
| 999 |
_c23064 _d23064 |
||